Postacie League of Legends po ich ultimate - Statystyki

Ogólne statystyki
  • Ten quiz został rozwiązany 91 razy
  • Średni wynik to 38 z 158
Statystyki odpowiedzi
Hint Odpowiedź % Poprawnych
Przywołanie: Tibbers Annie
100%
Zaczarowana Kryształowa Strzała Ashe
99%
Chmara Kruków Fiddlesticks
63%
Boski Osąd Kayle
63%
GNAR! Gnar
58%
Postać Pumy Nidalee
56%
Uczta Cho'Gath
53%
Pajęcza postać Elise
51%
Smoczy Atak Shyvana
51%
Klątwa Smutnej Mumii Amumu
49%
SuperMegaRakieta Śmierci! Jinx
49%
Demaciańska Sprawiedliwość Garen
47%
Wybuchająca Beczka Gragas
47%
Noxiańska Gilotyna Darius
46%
ULEPSZENIE!!! Heimerdinger
46%
Zew Boga Kuźni Ornn
46%
Nawałnica Piór Xayah
46%
Mantra Karma
44%
Ragnarok Olaf
44%
Styl Feniksa Udyr
44%
Burza Lodu Anivia
43%
Spojrzenie Meduzy Cassiopeia
43%
Stokrotka! Ivern
43%
Lodowy Grobowiec Lissandra
43%
Zew Księżyca Diana
42%
Kurtyna! Jhin
42%
Rozbłysk Słoneczny Leona
42%
Bomba Głębinowa Nautilus
42%
Trująca Pułapka Teemo
42%
Megapiekielna Bomba Ziggs
42%
Kajdany Duszy Morgana
40%
Paranoja Nocturne
40%
Duszące Ciernie Zyra
40%
Kanonada Gangplank
39%
Transformacja: Działo Rtęciowe Jayce
39%
Naaaaaaaaprzód!!! Kled
39%
Fala Przypływu Nami
35%
Skok przez Portal Zoe
35%
Rekwiem Karthus
33%
Jagnięcy Spokój Kindred
33%
Crescendo Sona
33%
Lotos Śmierci Katarina
32%
Śmierć z Głębin Pyke
32%
Ostrze Wygnańca Riven
32%
Mikstura Obłędu Singed
32%
Wymiar Śmierci Mordekaiser
31%
Lodowcowe Więzienie Sejuani
31%
Bis Seraphine
31%
Piroklazm Brand
29%
Maksymalna Dawka Dr Mundo
29%
Kataklizm Jarvan IV
29%
Niezmordowany Szał Tryndamere
29%
Walę na Oślep Twitch
29%
Promień Dezintegracji Istot Żywych Vel'Koz
29%
Krok przez Wymiary Kassadin
28%
Wstrząsy Rammus
28%
Lodowcowa Szczelina Braum
26%
Chronostrzaskanie Ekko
26%
Mącenie Wody Fizz
26%
Zero Bezwzględne Nunu i Willump
26%
Zew Łowów Rengar
26%
Hemoplaga Vladimir
26%
Znak Śmierci Zed
26%
Strzał w Dziesiątkę Caitlyn
25%
Monsun Janna
25%
Tnąca Burza Kennen
25%
Furia Pustyni Nasus
25%
Zdobycz Imperatora Azir
24%
Ostatnia Pieszczota Evelynn
24%
Bohaterskie Wejście Galio
24%
Rozkaz: Fala Uderzeniowa Orianna
24%
Halucynacje Shaco
24%
Pożarcie Tahm Kench
24%
Chronoskok Zilean
24%
Naśladowca LeBlanc
22%
Życzenie Soraka
22%
Ściana Tkaczki Taliyah
22%
Zwiastun Burzy Volibear
22%
Hextechowe Ultimatum Camille
21%
Potęga Mistrza Jax
21%
Melodyjna Kołysanka Lillia
21%
Dominus Renekton
21%
Burza Chaosu Viktor
21%
Uścisk Natury Maokai
19%
Czas na Ostrzał Miss Fortune
19%
Lotność Rakan
19%
Wtargnięcie Umbry Kayn
18%
Szalony Rozrost Lulu
18%
Ostatnia Iskra Lux
18%
Pośpiech Pustki Rek'Sai
18%
Rozbłysk Demona Swain
18%
Zagłada Świata Aatrox
17%
Skrytobójcze Wykończenie Akali
17%
Atak Pustki Kha'Zix
17%
Smoczy Gniew Lee Sin
17%
Skoczny Rozkwit Neeko
17%
Niepowstrzymana Rzeź Sion
17%
Chluba Wysp Yorick
17%
Przeszycie Gwen
15%
Żywy Pocisk Kog'Maw
15%
Przejęcie Sylas
15%
Wyzwolona Moc Syndra
15%
Atak i Pobicie Vi
15%
Wielkie Wyzwanie Fiora
14%
Nieśmiertelny Master Yi
14%
Spadająca Gwiazda Pantheon
14%
Za Linią Wroga Quinn
14%
Wsparcie Shen
14%
Pudło Thresh
14%
Łańcuch Zepsucia Varus
14%
Ostatnie Tchnienie Yasuo
14%
Ostatni Rozdział Yuumi
14%
Hop, do Góry! Zac
14%
Warta w Świetle Księżyca Aphelios
13%
Pole Statyczne Blitzcrank
13%
Niepowstrzymana Siła Malphite
13%
Osąd Strażniczki Poppy
13%
Celna Salwa Ezreal
11%
Burza Magnetyczna Rell
11%
Wyrównywacz Rumble
11%
Przeznaczenie Twisted Fate
11%
Ostrze Obrończyni Irelia
10%
Zagięcie Czasoprzestrzeni Ryze
10%
Piekielny Spust Samira
10%
Nadzianie Skarner
10%
Napaść z Cienia Talon
10%
Strach ponad Śmierć Urgot
10%
Przedwieczny Wybuch Veigar
10%
Obrażenia Przypadkowe Graves
8%
Instynkt Zabójcy Kai'Sa
8%
Oszałamiający Pokaz Talentu Qiyana
8%
Niszczący Strzał Tristana
8%
Łamacz Serc Viego
8%
Tornado Śmierci Draven
7%
Skok Wiary Illaoi
7%
Uścisk Piekieł Malzahar
7%
Kosmiczna Poświata Taric
7%
Cyklon Wukong
7%
Przypieczętowany Los Yone
7%
Rzeź Lucian
6%
Koniec Przedstawienia Sett
6%
Wielkie Łowy Sivir
6%
Godzina Sądu Vayne
6%
Wzbierający Cień Vex
6%
Garda Półksiężyca Xin Zhao
6%
Widmowa Szarża Ahri
4%
Niezłomna Wola Alistar
4%
Głos Światła Aurelion Sol
4%
Ogień Zaporowy Corki
4%
Bezkresna Niewola Warwick
4%
Piorunujący Strzał Zeri
4%
Nawałnica Cieni Hecarim
3%
Zew Przeznaczenia Kalista
3%
Tajemny Rytuał Xerath
3%
Kara Akshan
1%
Zmiana Przeznaczenia Bard
1%
Cień Świtu Senna
1%
Zniewolenie Trundle
1%
Nie znaleziono quizów pasujących do podanych kryteriów
Rozkład punktacji
Procent ludzi z każdym wynikiem
Percentyl według liczby udzielonych odpowiedzi
Twoja historia wyników
Nie rozwiązałeś tego quizu